| 000 | 00860nam a2200229 a 4500 | ||
|---|---|---|---|
| 001 | 000039387 | ||
| 005 | 20201002031627.0 | ||
| 008 | 130625s1983 sp 001 0 spa d | ||
| 020 | _a8400055535 | ||
| 111 | 2 |
_aCongreso de la IOMS _n(5: _d1983 : 29 agosto _cSalamanca) _965595 |
|
| 245 | 1 | 0 |
_aEstudios masoréticos : _bV Congreso de la IOMS / _ceditados por Emilia Fernández Tejero. |
| 260 |
_aMadrid : _bConsejo Superior de Investigación Científicas, _c1983. |
||
| 300 |
_a250 p. ; _c28 cm. |
||
| 490 | 1 |
_aTextos y estudios "Cardenal Cisneros _v33 |
|
| 500 | _adedicados a Harry M. Orlynsky | ||
| 500 | _aIncluye ídice | ||
| 546 | _aInglés, francés y español | ||
| 700 | 1 |
_aOrlinsky, Harry Meyer, _d1908- _965572 |
|
| 700 | 1 |
_aFernández Tejero, Emilia. _eed. _965573 |
|
| 830 | 0 |
_aTextos y estudios "Cardenal Cisneros _v33 _965596 |
|
| 999 |
_c38877 _d38877 |
||
| 040 | _aDO-SdBNP | ||